| 000 | 00354nam a22001337a 4500 | ||
|---|---|---|---|
| 008 | 171012b xxu||||| |||| 00| 0 eng d | ||
| 020 | _a9780761901440 | ||
| 041 | _aeng | ||
| 080 | _a316 | ||
| 100 | _a50 | ||
| 101 | _aSOC | ||
| 245 |
_aQUALITY INQUIRY AND RESEARCH DESIGN CHOOSING AMONG FIVE TRADITION _cCRESWELL.J.W |
||
| 942 |
_2udc _cBK |
||
| 999 |
_c33337 _d33337 |
||